LEADER 01046nam1 2200349 45 001 990000406620203316 005 19981012000000.0 035 $a0040662 035 $aUSA010040662 035 $a(ALEPH)000040662USA01 035 $a0040662 100 $a20001219g1995----km-y1itay0103----ba 101 $aeng 102 $aGB 105 $aa|||||||001yy 200 1 $aDesigners' handbook to Eurocode 2$fA. W. Beeby and R. S. Narayanan 210 $aLondon$cTelford$d1995- 215 $av.$cill.$d25 cm 606 $aStrutture edilizie$xProgettazione$xPaesi della Comunità europea 676 $a624.177102184 700 $aBEEBY,$bAndrew W.$0290466 702 $aNARAYANAN,$bR. S. 801 $aIT$bUNPD$c19981012$dRICA 912 $a990000406620203316 951 $a624.177 102 184 BEE$bIng.$c624$dY 959 $aBK 969 $aTEC 979 $aJOHNNY$b40$c20010419$lUSA01$h1424 979 $c20020403$lUSA01$h1648 979 $aPATRY$b90$c20040406$lUSA01$h1628 996 $aDesigners' handbook to Eurocode 2$9874794 997 $aUNISA LEADER 02169oas 2200661 a 450 001 9910694433303321 005 20250707213018.0 011 $a2157-2429 035 $a(OCoLC)610582296 035 $a(CONSER) 2010230517 035 $a(CKB)2320000000018513 035 $a(EXLCZ)992320000000018513 100 $a20100503a20079999 ua a 101 0 $aeng 135 $aur||||||||||| 181 $ctxt$2rdacontent 182 $cc$2rdamedia 183 $acr$2rdacarrier 200 00$aJoint operating environment 210 $aSuffolk, VA $cUnited States Joint Forces Command, Center for Joint Futures 215 $aelectronic text, volumes $cHTML, digital, PDF files 517 1 $aJOE 606 $aUnified operations (Military science)$xForecasting$vPeriodicals 606 $aCombined operations (Military science)$vPeriodicals 606 $aNational security$zUnited States$vPeriodicals 606 $aMilitary policy$xForecasting$vPeriodicals 606 $aCombined operations (Military science)$2fast$3(OCoLC)fst00868996 606 $aMilitary policy$xForecasting$2fast$3(OCoLC)fst01353764 606 $aNational security$2fast$3(OCoLC)fst01033711 607 $aUnited States$2fast$1https://id.oclc.org/worldcat/entity/E39PBJtxgQXMWqmjMjjwXRHgrq 608 $aPeriodicals.$2fast 608 $aPeriodicals.$2lcgft 615 0$aUnified operations (Military science)$xForecasting 615 0$aCombined operations (Military science) 615 0$aNational security 615 0$aMilitary policy$xForecasting 615 7$aCombined operations (Military science) 615 7$aMilitary policy$xForecasting. 615 7$aNational security. 676 $a355 712 02$aUnited States.$bJoint Forces Command.$bCenter for Joint Futures. 801 0$bGPO 801 1$bGPO 801 2$bDOS 801 2$bGPO 801 2$bDLC 801 2$bOCLCQ 801 2$bOCLCO 801 2$bOCLCQ 801 2$bGILDS 801 2$bOCLCO 801 2$bOCLCF 801 2$bOCLCQ 801 2$bOCLCL 906 $aJOURNAL 912 $a9910694433303321 996 $aJoint operating environment$93123329 997 $aUNINA